00527 2200217 4500001002100000005001500021035002000036008004100056020002200097041000700119082000800126090001600134100001000150245003400160260003000194300003900224650001000263084001400273250000600287990001600293INLIS00000000000042220210728012112 a0010-0918000422210728 e 0 ind  a978-602-8672-56-6 aid aFik a923.1 Rhi b0 aAbdel1 aAbdel & Mongol: It's Real Man aDepok :bEdelweiss,c2012 aix + 354 hlm. :b- ;c12 x 20.5 cm 4aFiksi aFik Abd a a- a8336/PU/KLT